বিষয়বস্তু এড়িয়ে যান
VuFind
ভাষা
English
Deutsch
Español
Français
Italiano
日本語
Nederlands
Português
Português (Brasil)
中文(简体)
中文(繁體)
Türkçe
עברית
Gaeilge
Cymraeg
Ελληνικά
Català
Euskara
Русский
Čeština
Suomi
Svenska
polski
Dansk
slovenščina
اللغة العربية
বাংলা
Galego
Tiếng Việt
Hrvatski
हिंदी
সমস্ত ক্ষেত্রসমূহ
আখ্যা
লেখক
বিষয়
ডাক সংখ্যা
আইসবিএন/আইএসএসএন
ট্যাগ
অনুসন্ধান
বিস্তৃত
অনুসন্ধান
Vatavaran
সাইট করুন
এই ই-মেইলটি
মুদ্রণ
নথি এক্সপোর্ট করুন
এক্সপোর্ট করুন RefWorks
এক্সপোর্ট করুন EndNoteWeb
এক্সপোর্ট করুন EndNote
permanent_link
লোডিং...
Vatavaran A
গ্রন্থ-পঞ্জীর বিবরন
ভাষা:
English
হোল্ডিংস
বিবরন
অনুরূপ উপাদানগুলি
স্টাফেদের বিবরণ দেখুন
LEADER
00205nam a22000857a 4500
005
20151028162607.0
008
101208t xxu||||| |||| 00| 0 eng d
245
|a
Vatavaran
|b
A
|c
(Bound Volumes)
942
|c
BK
|6
_
999
|c
82477
|d
82477
অনুরূপ উপাদানগুলি
Stratejik Vatavaran /
প্রকাশিত: (2008)
Vatavaran Air Force Meteorological Magazine
Hamare vatavaran aur shahari rahen sahen
অনুযায়ী: Anupam Mishra (ed.)
প্রকাশিত: (2009)
Hamara vatavaran aur sahari rahan-sahan/
অনুযায়ী: Anupam Misra
প্রকাশিত: (2009)
Enkilum Parimalee…
অনুযায়ী: Shankara Narayanan.P.I
প্রকাশিত: (1983)
লোডিং...